000 00557nam a2200193Ia 4500
005 20250508150343.0
008 008 250505s9999 xx 000 0 eng d
037 _aTextual
040 _aFEDL
_beng
_cFEDL
041 _aeng
_2eng
084 _a100, ROB
_qFEDL
100 _aRobles Oswaldo
_9756484
245 0 _aMain problems of philosophy: An introduction to philosophy
260 _aMilwaukee
_bThe Bruce Publishing Company
_c1946
300 _ax,200p.
650 _aPhilosophy
942 _cTEXL
_h100, ROB
999 _c1323157
_d1323157